| 000 | 00386nam a2200145Ia 4500 | ||
|---|---|---|---|
| 008 | 230312s9999||||xx |||||||||||||| ||und|| | ||
| 082 |
_a658.3 _bROB-R |
||
| 100 | _aGareth Roberts | ||
| 245 | 0 | _aRecruitment and Selection | |
| 260 |
_bCIPD _aLondon _c2005 |
||
| 300 | _a214 | ||
| 546 | _aEng. | ||
| 650 |
_aManagement _vImportancce of Selection , Using the Book , Strategy |
||
| 942 | _cBK | ||
| 999 |
_c788 _d788 |
||